[Event "Wch Seniors 65 30th"]
[Site "Assisi"]
[Date "2022.11.25"]
[Round "10"]
[White "Ubezio, Marco"]
[Black "De Jong, Tom"]
[Result "1-0"]
[WhiteElo "2070"]
[BlackElo "2216"]
[PlyCount "119"]
[EventDate "2022.11.15"]
[EventType "swiss"]
[EventRounds "11"]
[EventCountry "ITA"]
[SourceTitle "CBM 211 Extra"]
[Source "ChessBase"]
[SourceDate "2023.01.31"]
[SourceVersion "1"]
[SourceVersionDate "2023.01.31"]
[SourceQuality "1"]

1. d4 d5 2. Nf3 c5 3. c4 e6 4. g3 Nc6 5. Bg2 dxc4 6. Qa4 Bd7 7. Qxc4 Nf6 8. dxc5 Qa5+ 9. Nc3 Qxc5 10. Qxc5 Bxc5 11. a3 Rc8 12. 0-0 0-0 13. Rd1 h6 14. Bf4 Rfd8 15. Bd6 Bxd6 16. Rxd6 Kf8 17. Rad1 Ke7 18. Nd4 Ne5 19. Bxb7 Kxd6 20. Bxc8 Rxc8 21. Nf3+ Nd5 22. Ne4+ Ke7 23. Nxe5 Ba4 24. Rd4 Be8 25. Rc4 Rb8 26. b4 a5 27. bxa5 Rb1+ 28. Kg2 Ra1 29. Nc6+ Bxc6 30. Rxc6 Rxa3 31. Ra6 Nc7 32. Ra7 Kd8 33. Nd6 Ra2 34. Nxf7+ Kc8 35. Nd6+ Kd8 36. e4 g5 37. a6 Rxa6 38. Nf7+ Kd7 39. Rxa6 Nxa6 40. Nxh6 Ke7 41. e5 Kf8 42. Kf3 Kg7 43. Ng4 Nc5 44. Ke3 Kg6 45. Kd4 Nb3+ 46. Ke3 Kf5 47. f3 Na5 48. h4 gxh4 49. gxh4 Nc6 50. h5 Ne7 51. h6 Kg6 52. Kd4 Nf5+ 53. Kc5 Kf7 54. f4 Ng3 55. Kd6 Nf5+ 56. Kd7 Nd4 57. Nf6 Ne2 58. h7 Kg7 59. f5 exf5 60. e6 1-0

[Event "Wch Seniors 65 30th"]
[Site "Assisi"]
[Date "2022.11.16"]
[Round "2"]
[White "Sideifzade, Fikret"]
[Black "Ubezio, Marco"]
[Result "1-0"]
[WhiteElo "2391"]
[BlackElo "2070"]
[PlyCount "89"]
[EventDate "2022.11.15"]
[EventType "swiss"]
[EventRounds "11"]
[EventCountry "ITA"]
[SourceTitle "CBM 211 Extra"]
[Source "ChessBase"]
[SourceDate "2023.01.31"]
[SourceVersion "1"]
[SourceVersionDate "2023.01.31"]
[SourceQuality "1"]

1. d4 Nf6 2. c4 e6 3. Nf3 c5 4. e3 d5 5. Nc3 a6 6. a3 dxc4 7. Bxc4 b5 8. Ba2 Bb7 9. 0-0 Nbd7 10. Qe2 Be7 11. Rd1 Qb6 12. dxc5 Nxc5 13. b4 Nce4 14. Bb2 Rc8 15. Nxe4 Bxe4 16. Ng5 Bg6 17. Rac1 0-0 18. Nh3 Rfd8 19. Nf4 Be4 20. Bd4 Rxc1 21. Rxc1 Qb8 22. Qb2 Rc8 23. Rxc8+ Qxc8 24. f3 Qc2 25. Qxc2 Bxc2 26. e4 Kf8 27. Kf2 Nd7 28. Ne2 Bd6 29. g3 Ne5 30. Ke3 Ke7 31. h3 f6 32. f4 Nc6 33. Bb6 h5 34. h4 Bb8 35. Nc3 Ba7 36. Bxa7 Nxa7 37. Kd4 Nc8 38. Kc5 Kd7 39. e5 fxe5 40. fxe5 Bf5 41. Ne2 Bg4 42. Nf4 Bf5 43. Nxh5 g6 44. Nf6+ Kc7 45. g4 1-0

[Event "Robecchetto op 32nd"]
[Site "Robecchetto"]
[Date "2019.12.28"]
[Round "4"]
[White "Ubezio, Marco"]
[Black "Tramalloni, Luca"]
[Result "1-0"]
[WhiteElo "2163"]
[BlackElo "2017"]
[PlyCount "67"]
[EventDate "2019.12.26"]
[EventType "swiss"]
[EventRounds "6"]
[EventCountry "ITA"]
[SourceTitle "CBM 194 Extra"]
[Source "ChessBase"]
[SourceDate "2020.03.31"]
[SourceVersion "1"]
[SourceVersionDate "2020.03.31"]
[SourceQuality "1"]

1. d4 g6 2. e4 Bg7 3. c4 d6 4. Nc3 e5 5. d5 Nf6 6. h3 0-0 7. Nf3 a5 8. Bd3 Na6 9. 0-0 h6 10. a3 Bd7 11. Rb1 Nh5 12. Re1 Nf4 13. Bf1 g5 14. Nh2 Qc8 15. Ng4 f5 16. Ne3 Nc5 17. exf5 Bxf5 18. Nxf5 Qxf5 19. Be3 Ncd3 20. Bxf4 Nxf4 21. Ne4 b6 22. Qg4 Qf7 23. Re3 Nh5 24. Rf3 Qg6 25. g3 Rxf3 26. Qxf3 Rf8 27. Qe3 Nf6 28. Bd3 Nxe4 29. Bxe4 Qf6 30. b4 Ra8 31. c5 axb4 32. cxb6 bxa3 33. b7 Rb8 34. Qxa3 1-0

[Event "ITA-ch sf 78th"]
[Site "Alessandria"]
[Date "2018.07.27"]
[Round "7"]
[White "Madiai, Federico"]
[Black "Ubezio, Marco"]
[Result "1/2-1/2"]
[WhiteElo "2262"]
[BlackElo "2138"]
[PlyCount "38"]
[EventDate "2018.07.21"]
[EventType "swiss"]
[EventRounds "9"]
[EventCountry "ITA"]
[SourceTitle "CBM 186 Extra"]
[Source "ChessBase"]
[SourceDate "2018.08.24"]
[SourceVersion "1"]
[SourceVersionDate "2018.08.24"]
[SourceQuality "1"]

1. e4 e5 2. Nf3 Nc6 3. Bb5 a6 4. Ba4 Nf6 5. 0-0 b5 6. Bb3 Bc5 7. a4 Rb8 8. c3 d6 9. d4 Bb6 10. a5 Ba7 11. h3 h6 12. dxe5 Nxe5 13. Nxe5 dxe5 14. Qxd8+ Kxd8 15. Nd2 Ke7 16. Nf3 Be6 17. Bc2 Nd7 18. Nh4 Rhd8 19. Kh1 Bc4 1/2-1/2

[Event "ITA-ch sf 78th"]
[Site "Alessandria"]
[Date "2018.07.25"]
[Round "5"]
[White "Fuochi, Tommaso"]
[Black "Ubezio, Marco"]
[Result "1/2-1/2"]
[WhiteElo "2100"]
[BlackElo "2138"]
[PlyCount "104"]
[EventDate "2018.07.21"]
[EventType "swiss"]
[EventRounds "9"]
[EventCountry "ITA"]
[SourceTitle "CBM 186 Extra"]
[Source "ChessBase"]
[SourceDate "2018.08.24"]
[SourceVersion "1"]
[SourceVersionDate "2018.08.24"]
[SourceQuality "1"]

1. c4 e5 2. g3 Nf6 3. Bg2 h6 4. Nc3 Bb4 5. Qc2 0-0 6. e3 Bxc3 7. Qxc3 d5 8. Ne2 Nc6 9. d4 exd4 10. Nxd4 Ne5 11. cxd5 Nxd5 12. Qb3 Nb6 13. 0-0 c5 14. Nf3 Be6 15. Qc3 Nxf3+ 16. Bxf3 Qe7 17. b3 Nd5 18. Qe5 f6 19. Qb2 Nb4 20. Bd2 Nd3 21. Qc2 Rfd8 22. Bc3 Bd5 23. e4 Bxe4 24. Bxf6 Qxf6 25. Bxe4 Qd4 26. Bxd3 Qxd3 27. Qxc5 Rd5 28. Qc7 Rd7 29. Qf4 Rf8 30. Qg4 Rfd8 31. Rac1 Kh8 32. Rfe1 Qd2 33. Qe2 Qa5 34. Rc2 Rd2 35. Rxd2 Qxd2 36. Qxd2 Rxd2 37. Re7 Rxa2 38. Rxb7 a5 39. Kg2 a4 40. bxa4 Rxa4 41. h4 Ra5 42. g4 Ra4 43. Kg3 Kh7 44. f3 Rc4 45. Re7 Kg6 46. Re3 Kf6 47. f4 g6 48. h5 gxh5 49. gxh5 Rc5 50. Kg4 Rc1 51. Ra3 Rg1+ 52. Kf3 Rh1 1/2-1/2

[Event "ITA-ch sf 78th"]
[Site "Alessandria"]
[Date "2018.07.22"]
[Round "2"]
[White "Ubezio, Marco"]
[Black "Colonetti, Fabio"]
[Result "0-1"]
[WhiteElo "2138"]
[BlackElo "2015"]
[PlyCount "86"]
[EventDate "2018.07.21"]
[EventType "swiss"]
[EventRounds "9"]
[EventCountry "ITA"]
[SourceTitle "CBM 186 Extra"]
[Source "ChessBase"]
[SourceDate "2018.08.24"]
[SourceVersion "1"]
[SourceVersionDate "2018.08.24"]
[SourceQuality "1"]

1. d4 d5 2. c4 e6 3. Nc3 c6 4. Nf3 Nf6 5. g3 dxc4 6. Ne5 c5 7. Qa4+ Nbd7 8. Nxc4 a6 9. dxc5 Bxc5 10. Bg2 0-0 11. 0-0 Rb8 12. Qd1 b5 13. Nd6 Qb6 14. Nxc8 Rbxc8 15. h3 Rfd8 16. Bg5 h6 17. Bxf6 Nxf6 18. Qb3 Rd2 19. Rad1 Rxd1 20. Qxd1 Bd4 21. Qb3 Rc4 22. Nd1 Nd7 23. Qf3 Rc2 24. Qa8+ Nf8 25. Qe4 Qc5 26. b4 Qc4 27. a3 Rxe2 28. Qb7 Qc2 29. Qxa6 Rd2 30. Bf3 Qd3 31. Qc6 Qxa3 32. Kg2 Qxb4 33. Qc1 Ra2 34. Ne3 Qd2 35. Qxd2 Rxd2 36. Nd1 b4 37. Re1 b3 38. Ne3 b2 39. Be4 Nd7 40. Kf3 Ne5+ 41. Kg2 Nd3 42. Bxd3 Rxd3 43. Kf3 Ra3 0-1

[Event "Biella op 8th"]
[Site "Biella"]
[Date "2017.09.23"]
[Round "2"]
[White "Ubezio, Marco"]
[Black "Bisi, Riccardo"]
[Result "1-0"]
[WhiteElo "2126"]
[BlackElo "2044"]
[PlyCount "95"]
[EventDate "2017.09.22"]
[EventType "swiss"]
[EventRounds "5"]
[EventCountry "ITA"]
[SourceTitle "CBM 180 Extra"]
[Source "ChessBase"]
[SourceDate "2017.10.06"]
[SourceVersion "1"]
[SourceVersionDate "2017.10.06"]
[SourceQuality "1"]

1. d4 Nf6 2. c4 e6 3. Nc3 c5 4. d5 exd5 5. cxd5 d6 6. Nf3 g6 7. Bf4 a6 8. a4 Bg7 9. h3 0-0 10. e3 Bf5 11. Nd2 Ne8 12. Nc4 Nd7 13. a5 b5 14. axb6 Nxb6 15. Bd3 Bxd3 16. Qxd3 Nxc4 17. Qxc4 Qb6 18. Ra2 Nc7 19. 0-0 Rfd8 20. Ne4 f5 21. Nxc5 Qxc5 22. Qxc5 dxc5 23. Bxc7 Rxd5 24. Rc1 Rc8 25. Ba5 Rb8 26. Bc3 Bxc3 27. bxc3 Rd6 28. g4 fxg4 29. hxg4 Kf7 30. f4 Rb3 31. Kf2 Kf6 32. g5+ Ke6 33. Kf3 Rdb6 34. e4 Kd6 35. Rd2+ Ke6 36. Kg4 Rd6 37. f5+ Ke5 38. Rxd6 gxf5+ 39. exf5 Kxd6 40. Re1 a5 41. f6 Rb7 42. g6 hxg6 43. Kg5 a4 44. Kxg6 Kd5 45. Re7 Rb6 46. Kf5 Kc4 47. f7 Rb1 48. Re4+ 1-0

[Event "Biella op 6th"]
[Site "Biella"]
[Date "2015.09.27"]
[Round "4"]
[White "Stella, Andrea"]
[Black "Ubezio, Marco"]
[Result "1-0"]
[WhiteElo "2413"]
[BlackElo "2094"]
[PlyCount "63"]
[EventDate "2015.09.25"]
[EventType "swiss"]
[EventRounds "5"]
[EventCountry "ITA"]
[SourceTitle "EXT 2016"]
[Source "ChessBase"]
[SourceDate "2015.10.08"]
[SourceVersion "1"]
[SourceVersionDate "2015.10.08"]
[SourceQuality "1"]

1. Nf3 d5 2. c4 d4 3. g3 Nc6 4. Bg2 e5 5. d3 Nf6 6. 0-0 a5 7. e3 Bc5 8. exd4 Nxd4 9. Nxe5 0-0 10. Nf3 Bg4 11. Be3 Re8 12. Bxd4 Bxd4 13. Nc3 c6 14. Qd2 Qd7 15. Nxd4 Qxd4 16. Rfe1 Rad8 17. Rxe8+ Nxe8 18. Re1 Nf6 19. Ne4 Qxd3 20. Nxf6+ gxf6 21. Qxa5 Be6 22. Bd5 Rxd5 23. cxd5 Bxd5 24. Qc3 Qxc3 25. bxc3 Bxa2 26. Re7 b5 27. Rc7 Bd5 28. f4 Be4 29. Kf2 f5 30. Ke3 Kg7 31. Kd4 h5 32. Kc5 1-0

[Event "Biella op 6th"]
[Site "Biella"]
[Date "2015.09.27"]
[Round "5"]
[White "Ubezio, Marco"]
[Black "Migliorini, Matteo"]
[Result "0-1"]
[WhiteElo "2094"]
[BlackElo "2182"]
[PlyCount "132"]
[EventDate "2015.09.25"]
[EventType "swiss"]
[EventRounds "5"]
[EventCountry "ITA"]
[SourceTitle "EXT 2016"]
[Source "ChessBase"]
[SourceDate "2015.10.08"]
[SourceVersion "1"]
[SourceVersionDate "2015.10.08"]
[SourceQuality "1"]

1. d4 Nf6 2. Bg5 c5 3. Bxf6 gxf6 4. d5 Qb6 5. Qc1 f5 6. e3 Bg7 7. c3 d6 8. Ne2 Nd7 9. Nf4 Nf6 10. Bc4 0-0 11. a4 Bd7 12. Nd2 Rfe8 13. a5 Qc7 14. Qd1 e5 15. Nh5 Nxh5 16. Qxh5 e4 17. Qe2 b5 18. axb6 axb6 19. 0-0 Ra7 20. Rxa7 Qxa7 21. Bb5 Ra8 22. Nb1 Qb7 23. Qc4 Bxb5 24. Qxb5 Qxd5 25. Qxb6 Be5 26. Na3 Qd3 27. Qc6 Qa6 28. Qd5 Rb8 29. Nc4 Qb7 30. Qxb7 Rxb7 31. Nxe5 dxe5 32. Rb1 c4 33. Kf1 f4 34. Ke2 f5 35. Kd2 Rb6 36. Kc2 Rh6 37. Rh1 Rg6 38. g3 f3 39. b3 Ra6 40. Kb2 Rd6 41. Rf1 Rd2+ 42. Ka3 cxb3 43. Kxb3 Kf7 44. Kb4 Ke6 45. Kc5 Kd7 46. c4 Kc7 47. Kb4 Kc6 48. h4 h5 49. Kc3 Re2 50. Kb3 Kc5 51. Kc3 Ra2 52. Kb3 Rd2 53. Kc3 Rd3+ 54. Kc2 Kxc4 55. Ra1 Rc3+ 56. Kd2 Rb3 57. Kc2 Rb5 58. Ra4+ Kd5 59. Ra8 f4 60. Rd8+ Ke6 61. gxf4 exf4 62. Re8+ Kf5 63. Rf8+ Kg4 64. Rg8+ Kxh4 65. Re8 fxe3 66. Rxe4+ Kh3 0-1

[Event "Robecchetto op-A 25th"]
[Site "Robecchetto"]
[Date "2014.12.27"]
[Round "3"]
[White "Ubezio, Marco"]
[Black "Motola, Jacopo"]
[Result "0-1"]
[WhiteElo "2090"]
[BlackElo "2069"]
[PlyCount "232"]
[EventDate "2014.12.26"]
[EventType "swiss"]
[EventRounds "6"]
[EventCountry "ITA"]
[SourceTitle "EXT 2017"]
[Source "ChessBase"]
[SourceDate "2016.10.25"]
[SourceVersion "1"]
[SourceVersionDate "2016.10.25"]
[SourceQuality "1"]

1. d4 d5 2. c4 dxc4 3. e4 e5 4. Nf3 exd4 5. Bxc4 Bb4+ 6. Nbd2 Nc6 7. 0-0 Nf6 8. e5 Nd5 9. Nb3 Nb6 10. Bb5 Bd7 11. Nbxd4 Nxd4 12. Nxd4 Bxb5 13. Nxb5 a6 14. Qg4 axb5 15. Qxb4 Qd7 16. Re1 Nd5 17. Qc5 b6 18. Qc2 0-0 19. Bd2 Qe6 20. a3 c6 21. Rac1 Rac8 22. Qe4 Rfe8 23. f3 h5 24. Qh4 Qf5 25. Qe4 Qxe4 26. Rxe4 Re6 27. h3 c5 28. Rd1 Rce8 29. Be1 Ne7 30. Rd7 Ng6 31. f4 f5 32. exf6 Rxe4 33. f7+ Kf8 34. fxe8Q+ Kxe8 35. Rxg7 Rxe1+ 36. Kf2 Rb1 37. Rxg6 Rxb2+ 38. Kf3 b4 39. axb4 Rxb4 40. g4 hxg4+ 41. hxg4 c4 42. g5 c3 43. Rc6 Rb3 44. g6 Kd7 45. Rc4 b5 46. Rc5 b4 47. Kg4 Rb1 48. Kf5 Rg1 49. Kf6 Kd6 50. Rc8 Kd5 51. g7 Kd4 52. g8Q Rxg8 53. Rxg8 c2 54. Rc8 b3 55. f5 b2 56. Rxc2 b1Q 57. Re2 Qb6+ 58. Re6 Qd8+ 59. Kf7 Qd7+ 60. Kf6 Qh7 61. Re7 Qh3 62. Re6 Qh6+ 63. Kf7 Qh7+ 64. Kf6 Qg8 65. Re1 Qh8+ 66. Kg6 Qh4 67. Re6 Kd5 68. Re8 Qg4+ 69. Kf6 Qh5 70. Re5+ Kd4 71. Re6 Kd3 72. Re7 Qh4+ 73. Kf7 Qh5+ 74. Kf6 Kd4 75. Re6 Kd5 76. Re5+ Kd6 77. Re6+ Kd7 78. Re7+ Kd8 79. Re6 Qg4 80. Ke5 Qg5 81. Ke4 Kd7 82. Ke5 Qg7+ 83. Ke4 Qc3 84. Kf4 Qd2+ 85. Ke5 Qc3+ 86. Kf4 Qg7 87. Ke4 Qg5 88. Ke5 Kc7 89. Ke4 Qg3 90. Re7+ Kd6 91. Re6+ Kc5 92. Re5+ Kc4 93. Re6 Kc3 94. Rc6+ Kd2 95. Re6 Ke2 96. Kd5+ Kf3 97. Rg6 Qf4 98. Ke6 Qe4+ 99. Kf7 Kf4 100. f6 Kf5 101. Rg7 Qe6+ 102. Kf8 Qc8+ 103. Kf7 Qd7+ 104. Kf8 Qd8+ 105. Kf7 Qxf6+ 106. Kg8 Qd8+ 107. Kh7 Qe8 108. Ra7 Qg6+ 109. Kh8 Qf6+ 110. Kh7 Qh4+ 111. Kg8 Qc4+ 112. Kh7 Kf6 113. Rg7 Qh4+ 114. Kg8 Qh5 115. Ra7 Qd5+ 116. Kh8 Qh1+ 0-1

[Event "Vercelli op"]
[Site "Vercelli"]
[Date "2014.06.14"]
[Round "2"]
[White "Bussa, Paolo"]
[Black "Ubezio, Marco"]
[Result "1/2-1/2"]
[WhiteElo "1830"]
[BlackElo "2113"]
[PlyCount "78"]
[EventDate "2014.06.13"]
[EventType "swiss"]
[EventRounds "5"]
[EventCountry "ITA"]
[SourceTitle "EXT 2024"]
[Source "ChessBase"]
[SourceDate "2023.10.10"]
[SourceVersion "1"]
[SourceVersionDate "2023.10.10"]
[SourceQuality "1"]

1. c4 e5 2. g3 Nf6 3. Bg2 h6 4. Nc3 Bb4 5. Qb3 a5 6. a3 Bxc3 7. Qxc3 Qe7 8. b4 axb4 9. axb4 Rxa1 10. Qxa1 Nc6 11. Ba3 Nxb4 12. Bxb4 Qxb4 13. Qxe5+ Kd8 14. Qb5 Qxb5 15. cxb5 d5 16. Nf3 Bd7 17. Ne5 Ke7 18. Nxd7 Kxd7 19. 0-0 Ra8 20. d3 Ra2 21. e4 Kd6 22. f4 Ng4 23. Rc1 f6 24. d4 dxe4 25. Bxe4 Rb2 26. Bxb7 Rxb5 27. Bf3 Ne3 28. Rc6+ Kd7 29. Rc3 Rb1+ 30. Kf2 Nd1+ 31. Bxd1 Rxd1 32. Ke3 Kd6 33. Rc5 Re1+ 34. Kf3 g6 35. h4 h5 36. f5 Rf1+ 37. Ke4 Re1+ 38. Kf4 Rf1+ 39. Ke4 Re1+ 1/2-1/2

[Event "Biella Vercelli Province-ch"]
[Site "Biella"]
[Date "2014.03.16"]
[Round "5"]
[White "Siclari, Giovanni"]
[Black "Ubezio, Marco"]
[Result "1-0"]
[WhiteElo "2106"]
[BlackElo "2122"]
[PlyCount "93"]
[EventDate "2014.03.14"]
[EventType "swiss"]
[EventRounds "5"]
[EventCountry "ITA"]
[SourceTitle "EXT 2015"]
[Source "ChessBase"]
[SourceDate "2014.11.20"]
[SourceVersion "1"]
[SourceVersionDate "2014.11.20"]
[SourceQuality "1"]

1. Nf3 d5 2. d4 Nf6 3. c4 e6 4. Nc3 Bb4 5. cxd5 exd5 6. Bg5 h6 7. Bh4 c5 8. e3 Nc6 9. Be2 g5 10. Bg3 Ne4 11. Rc1 g4 12. Nd2 cxd4 13. exd4 Nxd2 14. Qxd2 Qf6 15. Bb5 Bd7 16. Bxc6 Bxc6 17. 0-0 Bd6 18. Rfe1+ Kd7 19. Be5 Bxe5 20. dxe5 Qg5 21. Qd4 Rhd8 22. b4 a6 23. Nxd5 Ke8 24. Nc7+ Kf8 25. Qc5+ Kg8 26. Nxa8 Rxa8 27. e6 f5 28. e7 Re8 29. Rcd1 Be4 30. Rd8 Rxd8 31. exd8Q+ Qxd8 32. Rc1 Qd2 33. Qc8+ Kg7 34. Qc3+ Qxc3 35. Rxc3 h5 36. f3 Bc6 37. fxg4 hxg4 38. h4 Kf6 39. g3 Ke5 40. Kf2 Be4 41. Ke3 Bc6 42. Rc5+ Kf6 43. Kf4 Be4 44. a3 Kg6 45. Re5 Bd3 46. Re7 Be4 47. Rxe4 1-0

[Event "Biella Vercelli Province-ch"]
[Site "Biella"]
[Date "2014.03.16"]
[Round "4"]
[White "Ubezio, Marco"]
[Black "Raselli, Claudio"]
[Result "1-0"]
[WhiteElo "2122"]
[BlackElo "1877"]
[PlyCount "53"]
[EventDate "2014.03.14"]
[EventType "swiss"]
[EventRounds "5"]
[EventCountry "ITA"]
[SourceTitle "EXT 2015"]
[Source "ChessBase"]
[SourceDate "2014.11.20"]
[SourceVersion "1"]
[SourceVersionDate "2014.11.20"]
[SourceQuality "1"]

1. e4 c5 2. Nf3 e6 3. b3 Nf6 4. e5 Nd5 5. Bb2 Nc6 6. Bb5 Qc7 7. a4 a6 8. Bxc6 Qxc6 9. a5 Be7 10. Na3 0-0 11. Nc4 d6 12. exd6 Bxd6 13. Nxd6 Qxd6 14. d4 Qc7 15. 0-0 Rd8 16. dxc5 Ne3 17. fxe3 Rxd1 18. Raxd1 f6 19. b4 Bd7 20. Rd6 Re8 21. Rfd1 Re7 22. Nd2 Bc6 23. Nc4 Rd7 24. Nb6 Rxd6 25. cxd6 Qd8 26. d7 h6 27. Bd4 1-0

[Event "Biella op-A 4th"]
[Site "Biella"]
[Date "2013.09.28"]
[Round "2"]
[White "Stella, Andrea"]
[Black "Ubezio, Marco"]
[Result "1-0"]
[WhiteElo "2458"]
[BlackElo "2136"]
[PlyCount "57"]
[EventDate "2013.09.27"]
[EventType "swiss"]
[EventRounds "5"]
[EventCountry "ITA"]
[SourceTitle "CBM 156 Extra"]
[Source "ChessBase"]
[SourceDate "2013.10.22"]
[SourceVersion "1"]
[SourceVersionDate "2013.10.22"]
[SourceQuality "1"]

1. Nf3 d5 2. c4 e6 3. g3 Nf6 4. Bg2 Be7 5. 0-0 0-0 6. b3 c6 7. Bb2 Nbd7 8. Qc2 b5 9. d3 bxc4 10. bxc4 Rb8 11. Nbd2 Ba6 12. e4 dxe4 13. dxe4 Nc5 14. Nd4 Qc7 15. e5 Qxe5 16. Rab1 Qc7 17. Nxc6 Rb6 18. Be5 Qd7 19. Rxb6 axb6 20. Rd1 Rc8 21. Ne4 Qe8 22. Nxe7+ Qxe7 23. Bd6 Qe8 24. Bxc5 Nxe4 25. Bxb6 Rxc4 26. Bxe4 f5 27. Qb3 fxe4 28. Qa3 Qc8 29. Rd8+ 1-0

[Event "Biella op 3rd"]
[Site "Biella"]
[Date "2012.09.29"]
[Round "3"]
[White "Ubezio, Marco"]
[Black "Naumkin, Igor"]
[Result "1/2-1/2"]
[WhiteElo "2132"]
[BlackElo "2443"]
[PlyCount "74"]
[EventDate "2012.09.28"]
[EventType "swiss"]
[EventRounds "9"]
[EventCountry "ITA"]
[SourceTitle "EXT 2013"]
[Source "ChessBase"]
[SourceDate "2012.11.22"]
[SourceVersion "1"]
[SourceVersionDate "2012.11.22"]
[SourceQuality "1"]

1. e4 e5 2. Nf3 Nc6 3. Bb5 a6 4. Bxc6 dxc6 5. 0-0 Qd6 6. d4 exd4 7. Nxd4 Bd7 8. Be3 0-0-0 9. Nd2 Nh6 10. f3 Qg6 11. Qe1 f5 12. Qg3 Qxg3 13. hxg3 c5 14. Ne2 Nf7 15. Rad1 b6 16. Nc3 Be6 17. exf5 Bxf5 18. Nde4 Rxd1 19. Rxd1 Be7 20. g4 Bg6 21. Kf2 Re8 22. Bf4 Bd8 23. Rd2 h6 24. Ng3 Ng5 25. Nf5 Rf8 26. Be5 h5 27. Bxg7 Rf7 28. Bh6 Ne6 29. Be3 hxg4 30. Nh6 Bh4+ 31. Kg1 Rd7 32. Rxd7 Kxd7 33. Nxg4 Bxc2 34. Ne5+ Kd6 35. Nc4+ Kc6 36. Ne5+ Kd6 37. Nc4+ Kc6 1/2-1/2

[Event "Biella Province-ch"]
[Site "Valle Mosso"]
[Date "2012.03.30"]
[Round "4"]
[White "Ubezio, Marco"]
[Black "Migliorini, Matteo"]
[Result "1/2-1/2"]
[WhiteElo "2132"]
[BlackElo "1970"]
[PlyCount "54"]
[EventDate "2012.03.02"]
[EventType "swiss"]
[EventRounds "5"]
[EventCountry "ITA"]
[SourceTitle "EXT 2024"]
[Source "ChessBase"]
[SourceDate "2023.10.10"]
[SourceVersion "1"]
[SourceVersionDate "2023.10.10"]
[SourceQuality "1"]

1. d4 Nf6 2. Bg5 d5 3. e3 c5 4. c3 Qb6 5. Qb3 c4 6. Qxb6 axb6 7. Nd2 Bf5 8. f3 e6 9. e4 Bg6 10. exd5 exd5 11. Nh3 Nbd7 12. Nf4 Bd6 13. g3 0-0 14. Nxg6 fxg6 15. Bh3 Rae8+ 16. Kf2 Nb8 17. Bxf6 gxf6 18. Rhe1 f5 19. f4 Nd7 20. Rxe8 Rxe8 21. Re1 Rxe1 22. Kxe1 Nf6 23. Nf1 Kf7 24. Ne3 b5 25. Bg2 Ke6 26. a3 h5 27. Bf3 h4 1/2-1/2

[Event "Piemont Province-ch"]
[Site "Santhia"]
[Date "2011.04.08"]
[Round "5"]
[White "Ubezio, Marco"]
[Black "Caldi, Mario"]
[Result "1-0"]
[WhiteElo "2131"]
[BlackElo "1862"]
[PlyCount "81"]
[EventDate "2011.03.04"]
[EventType "swiss"]
[EventRounds "6"]
[EventCountry "ITA"]
[SourceTitle "EXT 2024"]
[Source "ChessBase"]
[SourceDate "2023.10.10"]
[SourceVersion "1"]
[SourceVersionDate "2023.10.10"]
[SourceQuality "1"]

1. d4 Nf6 2. Bg5 d5 3. e3 Ne4 4. Bf4 c5 5. Bd3 Nc6 6. Bxe4 dxe4 7. d5 Nb4 8. Nc3 Qa5 9. a3 Na6 10. Qd2 Bf5 11. Nge2 g5 12. Bxg5 Rd8 13. Ng3 Be6 14. Ngxe4 Bg7 15. Rd1 h6 16. Bh4 f5 17. Qe2 Bf7 18. Ng3 Bxc3+ 19. bxc3 Qxc3+ 20. Qd2 Qxd2+ 21. Rxd2 Rxd5 22. Rxd5 Bxd5 23. Nxf5 e6 24. e4 Bc6 25. Nd6+ Kd7 26. e5 Rg8 27. Ke2 Rxg2 28. Rd1 Kc7 29. Bg3 h5 30. h4 b5 31. Nf7 b4 32. Kf1 bxa3 33. Ra1 Nb4 34. Rxa3 Nxc2 35. Rc3 Nd4 36. Rxc5 Rxg3 37. fxg3 Kb6 38. Rc3 a5 39. Kf2 Kb5 40. Nd6+ Kb4 41. Rc4+ 1-0

[Event "Piemont Province-ch"]
[Site "Santhia"]
[Date "2011.03.18"]
[Round "3"]
[White "Ubezio, Marco"]
[Black "Isoardi, Luigi"]
[Result "1-0"]
[WhiteElo "2131"]
[BlackElo "1762"]
[PlyCount "99"]
[EventDate "2011.03.04"]
[EventType "swiss"]
[EventRounds "6"]
[EventCountry "ITA"]
[SourceTitle "EXT 2024"]
[Source "ChessBase"]
[SourceDate "2023.10.10"]
[SourceVersion "1"]
[SourceVersionDate "2023.10.10"]
[SourceQuality "1"]

1. e4 c6 2. d4 d5 3. e5 Bf5 4. Nf3 e6 5. Be2 Nd7 6. 0-0 a6 7. Nbd2 c5 8. c4 Nb6 9. dxc5 Nxc4 10. Nxc4 dxc4 11. Qa4+ Qd7 12. Qxc4 Ne7 13. Nd4 Be4 14. Nb5 Qxb5 15. Qxe4 Qc6 16. Qc4 Nd5 17. Bf3 Qxc5 18. Bxd5 exd5 19. Qg4 Qc4 20. Qg3 Qe4 21. Bd2 Qg6 22. Qb3 b5 23. Rac1 Qb6 24. Bg5 Qb7 25. e6 f6 26. Bf4 Rc8 27. Rxc8+ Qxc8 28. Qxd5 Be7 29. Rc1 Qd8 30. Qc6+ Kf8 31. Qxa6 g5 32. Rc8 Kg7 33. Rxd8 Rxd8 34. h4 gxf4 35. Qb7 Kf8 36. Qxb5 Rd1+ 37. Kh2 Rd6 38. Qf5 Kg7 39. Kh3 Rd2 40. Qh5 Rd3+ 41. f3 Bd6 42. Qf7+ Kh8 43. h5 Rd1 44. Qxf6+ Kg8 45. h6 Rh1+ 46. Kg4 Rxh6 47. Qxh6 Bf8 48. Qf6 Bg7 49. Qf7+ Kh8 50. Qe8+ 1-0

[Event "Robecchetto op-A 21th"]
[Site "Robecchetto"]
[Date "2010.12.30"]
[Round "6"]
[White "Cornaggia, Ranieri"]
[Black "Ubezio, Marco"]
[Result "1/2-1/2"]
[WhiteElo "2055"]
[BlackElo "2139"]
[PlyCount "72"]
[EventDate "2010.12.27"]
[EventType "swiss"]
[EventRounds "6"]
[EventCountry "ITA"]
[SourceTitle "EXT 2024"]
[Source "ChessBase"]
[SourceDate "2023.10.10"]
[SourceVersion "1"]
[SourceVersionDate "2023.10.10"]
[SourceQuality "1"]

1. e4 e5 2. Nf3 Nc6 3. Bb5 Bc5 4. d3 Nd4 5. Nxd4 Bxd4 6. c3 Bb6 7. 0-0 c6 8. Ba4 Qf6 9. Be3 Ne7 10. Nd2 0-0 11. Bc2 Ng6 12. Qf3 Qxf3 13. Nxf3 d6 14. Bxb6 axb6 15. d4 Bg4 16. Nd2 Be6 17. Bb3 Bxb3 18. Nxb3 Rfe8 19. Rfe1 Kf8 20. a3 Ke7 21. g3 f6 22. Nd2 b5 23. d5 c5 24. b3 Ra6 25. Ra2 Rea8 26. Rea1 Nf8 27. a4 Nd7 28. c4 bxa4 29. Rxa4 Nb6 30. Rxa6 Rxa6 31. Rxa6 bxa6 32. Kf1 g6 33. Ke2 h5 34. Kd3 g5 35. h3 Kf7 36. Nf1 Nc8 1/2-1/2